Celebrities Eating Pizza Quiz Stats

 Plays Quiz Updated Sep 26, 2014

Score 0/14 Timer 04:00
4 Plays Today
% Correct
Taylor Swift
95.6%
Barack Obama
94.3%
Nicolas Cage
91.3%
Brad Pitt
87.9%
Julia Roberts
86.8%
Will Ferrell
85.4%
Jennifer Lawrence
84.3%
% Correct
Dwayne Johnson
83.7%
Emma Watson
79.6%
Miley Cyrus
78.5%
Katy Perry
70%
Taylor Lautner
68.6%
Madonna
65%
Mitt Romney
60.5%

You're not logged in!

Compare scores with friends on all Sporcle quizzes.
OR
Log In

Show Comments

Extras

Top Quizzes Today


Score Distribution

Your Account Isn't Verified!

In order to create a playlist on Sporcle, you need to verify the email address you used during registration. Go to your Sporcle Settings to finish the process.

Report this User

Report this user for behavior that violates our Community Guidelines.

Details: